[Event "2 Bundesliga Ost 2007/2008"]
[Site "20 2110Bruck,3011 212Bade"]
[Date "2007.12.01"]
[Round "4"]
[Board "3"]
[White "Hangweyrer, Roman"]
[Black "Dueckstein, Andreas"]
[Result "0-1"]
[WhiteElo "2143"]
[BlackElo "2252"]
[PlyCount "52"]
[EventDate "2007.10.20"]
[EventType "team"]
[EventRounds "11"]
[EventCountry "AUT"]
[WhiteTeam "SK Zwettl"]
[BlackTeam "SV Tschaturanga Neubau"]

1.c4 e5 2.Nc3 Nf6 3.Nf3 Nc6 4.g3 d5 5.cxd5 Nxd5 6.Bg2 Be6 7.O-O Be7 8.d4 exd4
9.Nxd4 Nxc3 10.bxc3 Nxd4 11.cxd4 c6 12.e4 O-O 13.Re1 Qd7 14.Bb2 Rfd8 15.Qa4 a5
16.d5 cxd5 17.Qxd7 Bxd7 18.exd5 Bb4 19.Re4 Rac8 20.a3 Bd6 21.Re2 b5 22.f4 f6
23.Be4 Re8 24.Kf1 Bh3+ 25.Kf2 Bc5+ 26.Ke1 Bg4

[Event "2 Bundesliga Ost 2007/2008"]
[Site "20 2110Bruck,3011 212Bade"]
[Date "2007.12.01"]
[Round "4"]
[Board "4"]
[White "Wallner, Alfred"]
[Black "Lipp, Alfred"]
[Result "1-0"]
[WhiteElo "2256"]
[BlackElo "2144"]
[PlyCount "63"]
[EventDate "2007.10.20"]
[EventType "team"]
[EventRounds "11"]
[EventCountry "AUT"]
[WhiteTeam "SV Tschaturanga Neubau"]
[BlackTeam "SK Zwettl"]

1.e4 c5 2.Nf3 d6 3.d4 cxd4 4.Nxd4 Nf6 5.Nc3 g6 6.Be3 Bg7 7.f3 O-O 8.Qd2 Nc6
9.Bc4 Bd7 10.h4 Rc8 11.Bb3 h5 12.O-O-O Ne5 13.Kb1 Nc4 14.Bxc4 Rxc4 15.b3 Rc8
16.Nd5 Re8 17.Bg5 Nxd5 18.exd5 Qc7 19.c4 Qc5 20.Be3 Qa3 21.g4 hxg4 22.fxg4 Bxg4
23.Rdg1 Bh5 24.Rg5 e5 25.Nb5 Qa6 26.Rxh5 gxh5 27.Bh6 f6 28.Rg1 Re7 29.Qg2 Qb6
30.Nxd6 Qxd6 31.Bxg7 Rf7 32.Bxf6+

[Event "2 Bundesliga Ost 2007/2008"]
[Site "20 2110Bruck,3011 212Bade"]
[Date "2007.12.01"]
[Round "4"]
[Board "5"]
[White "Stadler, Peter"]
[Black "Schwaninger, Wolfgang"]
[Result "1-0"]
[WhiteElo "2103"]
[BlackElo "2175"]
[PlyCount "163"]
[EventDate "2007.10.20"]
[EventType "team"]
[EventRounds "11"]
[EventCountry "AUT"]
[WhiteTeam "SK Zwettl"]
[BlackTeam "SV Tschaturanga Neubau"]

1.d4 g6 2.Nf3 Bg7 3.g3 c6 4.c4 d6 5.Nc3 Bg4 6.Bg2 Nd7 7.O-O Qb6 8.Na4 Qa6 9.b3
Rc8 10.Bb2 Ngf6 11.h3 Bxf3 12.Bxf3 O-O 13.Qd3 d5 14.Rfc1 Rfe8 15.Qd1 Ne4 16.Qc2
b5 17.Nc3 f5 18.cxd5 cxd5 19.Qd3 Nxc3 20.Rxc3 Rxc3 21.Bxc3 Qb7 22.Rc1 Rc8 23.Bb2
Rxc1+ 24.Bxc1 Qc6 25.Bb2 e6 26.Qc3 Qxc3 27.Bxc3 Nb8 28.e3 Bf8 29.Be2 b4 30.Bd2
Nd7 31.f3 Bd6 32.Be1 Nf6 33.Bd3 h5 34.Kf2 Kf7 35.Be2 g5 36.g4 fxg4 37.fxg4 Ne4+
38.Kf3 h4 39.Bd3 Nf6 40.e4 Be7 41.Bd2 Nd7 42.Bb5 dxe4+ 43.Kxe4 Nf6+ 44.Ke5 a5
45.Bc6 Nh7 46.d5 Bf6+ 47.Kd6 Be7+ 48.Kc7 exd5 49.Bxd5+ Kf6 50.Be3 Ke5 51.Bg2 Nf8
52.Kc6 Ne6 53.Bb6 Nf4 54.Bf1 Nd5 55.Bxa5 Ne3 56.Be2 Ke4 57.Kd7 Bc5 58.Ke6 Nd5
59.Bc4 Nf4+ 60.Kf6 Nxh3 61.Bf1 Nf2 62.Kxg5 Be7+ 63.Kh5 h3 64.Bc7 Kf3 65.g5 Ne4
66.g6 Bd8 67.Bb8 Bf6 68.Bxh3 Nc3 69.Kh6 Nxa2 70.g7 Bxg7+ 71.Kxg7 Ke4 72.Kf6 Kd3
73.Be6 Kc2 74.Bf4 Nc3 75.Ke5 Ne2 76.Be3 Kd3 77.Bc4+ Kxe3 78.Bxe2 Kxe2 79.Kd4 Kf3
80.Kc4 Ke4 81.Kxb4 Kd5 82.Kb5

[Event "2 Bundesliga Ost 2007/2008"]
[Site "20 2110Bruck,3011 212Bade"]
[Date "2007.12.01"]
[Round "4"]
[Board "6"]
[White "Froeschl, Felix"]
[Black "Prager, Manfred"]
[Result "1-0"]
[WhiteElo "2203"]
[BlackElo "2043"]
[PlyCount "73"]
[EventDate "2007.10.20"]
[EventType "team"]
[EventRounds "11"]
[EventCountry "AUT"]
[WhiteTeam "SV Tschaturanga Neubau"]
[BlackTeam "SK Zwettl"]

1.d4 Nf6 2.Nf3 d5 3.c4 e6 4.Nc3 Be7 5.Bg5 Nbd7 6.e3 O-O 7.cxd5 exd5 8.Bd3 c6
9.Qc2 h6 10.Bf4 Re8 11.g4 Nf8 12.h3 Bd6 13.Bxd6 Qxd6 14.O-O-O N6d7 15.Kb1 a5
16.Rhg1 b5 17.Ne2 Ba6 18.g5 h5 19.g6 f6 20.Rc1 Rec8 21.Nf4 c5 22.dxc5 Nxc5
23.Bf5 Nce6 24.Bxe6+ Nxe6 25.Qf5 Nxf4 26.exf4 b4 27.Rce1 Re8 28.Qxh5 Bd3+ 29.Ka1
Be4 30.Qh7+ Kf8 31.Qh8+ Ke7 32.Qxg7+ Kd8 33.Nd4 Rc8 34.f5 Qe5 35.Ne6+ Rxe6
36.fxe6 Qxe6 37.Qf7

[Event "2 Bundesliga Ost 2007/2008"]
[Site "20 2110Bruck,3011 212Bade"]
[Date "2007.12.01"]
[Round "4"]
[Board "1"]
[White "Pachta, Paul"]
[Black "Vlcek, Stanislav"]
[Result "1-0"]
[WhiteElo "2288"]
[BlackElo "2322"]
[PlyCount "123"]
[EventDate "2007.10.20"]
[EventType "team"]
[EventRounds "11"]
[EventCountry "AUT"]
[WhiteTeam "Aljechin/Wieden"]
[BlackTeam "Blackburne Nickelsdorf"]

1.d4 Nf6 2.Nf3 g6 3.c4 Bg7 4.g3 O-O 5.Bg2 d6 6.O-O Nbd7 7.Nc3 e5 8.e4 c6 9.h3 a5
10.Be3 a4 11.Qc2 Qa5 12.Rfd1 exd4 13.Nxd4 Re8 14.Rab1 Qb4 15.Nce2 Nc5 16.f3 Nfd7
17.Bf2 Nf8 18.Kh2 h5 19.h4 Nfd7 20.Be1 Qb6 21.b4 axb3 22.axb3 Ne5 23.Nf4 Nxe4
24.b4 Nf6 25.c5 dxc5 26.bxc5 Qc7 27.Bc3 Bh6 28.Bd2 Bg7 29.Bc3 Nd5 30.Nb5 cxb5
31.Nxd5 Qxc5 32.Rbc1 Bf5 33.Qb2 Nc4 34.Bxg7 Nxb2 35.Bxb2 Qf2 36.Nf6+ Kf8 37.Nh7+
Kg8 38.Nf6+ Kh8 39.Bd4 Qe2 40.Nxe8+ Kh7 41.Nf6+ Kh6 42.Re1 Qd3 43.Rcd1 Qc4
44.Rd2 Bd3 45.Be3+ Kg7 46.Nd7 Rd8 47.Ne5 Qc3 48.Red1 Qxe5 49.Rxd3 Rxd3 50.Rxd3
Qe6 51.f4 b4 52.Bxb7 b3 53.Bd5 b2 54.Bxe6 b1=Q 55.Rd7 Qc2+ 56.Rd2 Qe4 57.Bd4+
Kf8 58.Bd5 Qe1 59.Rb2 Ke7 60.Bg2 Ke6 61.Rb6+ Kf5 62.Rb5+

[Event "2 Bundesliga Ost 2007/2008"]
[Site "20 2110Bruck,3011 212Bade"]
[Date "2007.12.01"]
[Round "4"]
[Board "2"]
[White "Bachofner, Andreas"]
[Black "Wirius, Stefan"]
[Result "0-1"]
[WhiteElo "2246"]
[BlackElo "2281"]
[PlyCount "172"]
[EventDate "2007.10.20"]
[EventType "team"]
[EventRounds "11"]
[EventCountry "AUT"]
[WhiteTeam "Blackburne Nickelsdorf"]
[BlackTeam "Aljechin/Wieden"]

1.b3 e5 2.Bb2 d6 3.e3 Nf6 4.c4 Nbd7 5.Nc3 g6 6.d3 Bg7 7.Nf3 O-O 8.Qc2 Re8 9.Be2
h6 10.h3 Nf8 11.Nd2 Ne6 12.Nde4 Nh7 13.g4 f5 14.gxf5 gxf5 15.Nd2 c6 16.O-O-O d5
17.Rdg1 d4 18.Nd1 c5 19.Nf3 Kh8 20.h4 b6 21.Rh3 Bb7 22.Rhg3 Qe7 23.exd4 exd4
24.Qd2 Rad8 25.Rxg7 Nxg7 26.Qxh6 Rd6 27.Qf4 Bxf3 28.Bxf3 Qf6 29.Ne3 Qe5 30.Qxe5
Rxe5 31.Nd5 Nf6 32.Rg6 Nge8 33.Nf4 Re1+ 34.Kd2 Rf1 35.Rg2 Ng7 36.Ng6+ Kh7 37.Ne7
Re6 38.Nd5 Nxd5 39.cxd5 Rg6 40.Rh2 Rb1 41.Kc2 Rgg1 42.d6 Rbe1 43.d7 Ne6 44.Kd2
Re5 45.Bb7 Nd8 46.Bc8 Rg7 47.b4 Rd5 48.bxc5 bxc5 49.Kc2 Nc6 50.Bc1 Ne5 51.d8=Q
Rxd8 52.Bxf5+ Kh8 53.Be4 c4 54.Bg5 Rd6 55.f4 Nxd3 56.Bxd3 cxd3+ 57.Kxd3 Rc7
58.f5 Rc3+ 59.Ke4 d3 60.Ke5 Rb6 61.Rd2 Rc5+ 62.Ke4 Rb4+ 63.Kxd3 Rxf5 64.Kc3 Rb7
65.Rd6 Ra5 66.Rd2 Kh7 67.Rf2 Kg6 68.Kc4 Kh5 69.Rg2 Ra4+ 70.Kc5 Rb6 71.Bd8 Rba6
72.Rg7 Rxa2 73.Kb5 R6a3 74.Kb4 a5+ 75.Kc4 a4 76.Bf6 Rf3 77.Rg5+ Kh6 78.Bg7+ Kh7
79.h5 Re2 80.h6 a3 81.Rg1 a2 82.Ra1 Re4+ 83.Kd5 Ra4 84.Kc5 Rb3 85.Kc6 Rb1 86.Kc5
Kg6

[Event "2 Bundesliga Ost 2007/2008"]
[Site "20 2110Bruck,3011 212Bade"]
[Date "2007.12.01"]
[Round "4"]
[Board "3"]
[White "Vitouch, Anatol"]
[Black "Koffler, Daniel"]
[Result "1/2-1/2"]
[WhiteElo "2211"]
[BlackElo "2213"]
[PlyCount "20"]
[EventDate "2007.10.20"]
[EventType "team"]
[EventRounds "11"]
[EventCountry "AUT"]
[WhiteTeam "Aljechin/Wieden"]
[BlackTeam "Blackburne Nickelsdorf"]

1.Nf3 Nc6 2.d4 d5 3.g3 Bg4 4.Bg2 Qd7 5.c4 dxc4 6.d5 Bxf3 7.Bxf3 Ne5 8.Bg2 e6
9.dxe6 Qxd1+ 10.Kxd1 O-O-O+

[Event "2 Bundesliga Ost 2007/2008"]
[Site "20 2110Bruck,3011 212Bade"]
[Date "2007.12.01"]
[Round "4"]
[Board "4"]
[White "Bachofner, Christian"]
[Black "Wirius, Johannes"]
[Result "0-1"]
[WhiteElo "2098"]
[BlackElo "2181"]
[PlyCount "102"]
[EventDate "2007.10.20"]
[EventType "team"]
[EventRounds "11"]
[EventCountry "AUT"]
[WhiteTeam "Blackburne Nickelsdorf"]
[BlackTeam "Aljechin/Wieden"]

1.Nf3 f5 2.d3 d6 3.e4 c5 4.Nc3 Nc6 5.Be2 Nf6 6.O-O g6 7.Bd2 Bg7 8.Qc1 O-O 9.Bh6
a6 10.Bxg7 Kxg7 11.a4 Rb8 12.h3 b5 13.axb5 axb5 14.exf5 Bxf5 15.Qe3 b4 16.Ne4
Nd5 17.Qd2 Qb6 18.Ng3 Be6 19.Ng5 Bg8 20.Nf3 Nf4 21.Kh2 Bd5 22.Bd1 h6 23.Ne4 Be6
24.Qe1 Bd7 25.Ned2 Qc7 26.Kg1 Rf7 27.Nh2 h5 28.Nhf3 d5 29.Ng5 Rf5 30.Ndf3 Ne5
31.h4 Re8 32.d4 Nxf3+ 33.Bxf3 e5 34.dxe5 Rexe5 35.Qd2 Ne6 36.Nxe6+ Bxe6 37.Ra8
Qe7 38.Rfa1 Bf7 39.c3 Qxh4 40.cxb4 Rxf3 41.gxf3 Rg5+ 42.Kf1 Qc4+ 43.Qe2 Rg1+
44.Kxg1 Qxe2 45.bxc5 Qxf3 46.c6 Be6 47.R1a7+ Kh6 48.Ra3 Qd1+ 49.Kh2 Qc1 50.R8a6
Bf5 51.b4 Qb2

[Event "2 Bundesliga Ost 2007/2008"]
[Site "20 2110Bruck,3011 212Bade"]
[Date "2007.12.01"]
[Round "4"]
[Board "5"]
[White "Zaynard, Andreas"]
[Black "Adler, Thomas"]
[Result "1-0"]
[WhiteElo "2078"]
[BlackElo "2050"]
[PlyCount "101"]
[EventDate "2007.10.20"]
[EventType "team"]
[EventRounds "11"]
[EventCountry "AUT"]
[WhiteTeam "Aljechin/Wieden"]
[BlackTeam "Blackburne Nickelsdorf"]

1.e4 e6 2.d3 d5 3.Nd2 Nf6 4.Ngf3 dxe4 5.dxe4 Bc5 6.Be2 e5 7.O-O Qe7 8.c3 a5
9.Qc2 O-O 10.Nc4 Nc6 11.Ne3 Bxe3 12.Bxe3 h6 13.h3 Be6 14.Nd2 Rfd8 15.f4 exf4
16.Rxf4 Ne5 17.Raf1 c5 18.R4f2 Qd7 19.Rxf6 gxf6 20.Rxf6 Kg7 21.Rxh6 Rh8 22.Rxh8
Rxh8 23.Bxc5 Bxh3 24.Bd4 f6 25.Nc4 Nc6 26.Bb6 Be6 27.Qd3 Qxd3 28.Bxd3 Rd8
29.Bxd8 Nxd8 30.b3 Nc6 31.Nd6 b6 32.Bc4 Bg4 33.Bd5 Ne5 34.Nc4 Nxc4 35.Bxc4 Kf8
36.Kf2 Ke7 37.Ke3 Kd6 38.Kf4 Bd7 39.g4 Be8 40.Kf5 Ke7 41.Be6 Bb5 42.c4 Be8 43.e5
fxe5 44.Kxe5 Bg6 45.Bf5 Bf7 46.Bh7 a4 47.g5 axb3 48.axb3 b5 49.cxb5 Bxb3 50.Bf5
Bg8 51.b6

[Event "2 Bundesliga Ost 2007/2008"]
[Site "20 2110Bruck,3011 212Bade"]
[Date "2007.12.01"]
[Round "4"]
[Board "6"]
[White "Steinert, Martin"]
[Black "Kostka, Alexander"]
[Result "1-0"]
[WhiteElo "2046"]
[BlackElo "2077"]
[PlyCount "81"]
[EventDate "2007.10.20"]
[EventType "team"]
[EventRounds "11"]
[EventCountry "AUT"]
[WhiteTeam "Blackburne Nickelsdorf"]
[BlackTeam "Aljechin/Wieden"]

1.e4 e5 2.Nf3 Nf6 3.Nc3 Bb4 4.Bc4 O-O 5.O-O Bxc3 6.dxc3 d6 7.Qe2 Be6 8.Bxe6 fxe6
9.c4 Nbd7 10.Bg5 Qe8 11.Bxf6 Rxf6 12.b4 Qh5 13.Nd4 Qg5 14.Nb5 a6 15.Nc3 Raf8
16.Rad1 b6 17.Rd3 Rg6 18.Rg3 Qh6 19.Rxg6 Qxg6 20.Rd1 Nb8 21.Nb1 Nc6 22.c3 a5
23.a3 Ra8 24.c5 axb4 25.cxb6 cxb6 26.axb4 Ra1 27.Qb2 Ra8 28.f3 Rd8 29.Qb3 h6
30.Qc4 Qe8 31.Na3 Qd7 32.Qb5 Qc7 33.Nc4 d5 34.exd5 exd5 35.Rxd5 Rxd5 36.Qxd5+
Kh8 37.Qd6 Qxd6 38.Nxd6 Kg8 39.Kf2 Kf8 40.Ke3 Na7 41.Nc4

[Event "2 Bundesliga Ost 2007/2008"]
[Site "20 2110Bruck,3011 212Bade"]
[Date "2007.12.02"]
[Round "5"]
[Board "1"]
[White "Vlcek, Stanislav"]
[Black "Chernin, Alexander"]
[Result "0-1"]
[WhiteElo "2322"]
[BlackElo "2587"]
[PlyCount "44"]
[EventDate "2007.10.20"]
[EventType "team"]
[EventRounds "11"]
[EventCountry "AUT"]
[WhiteTeam "Blackburne Nickelsdorf"]
[BlackTeam "Husek Wien"]

1.e4 c5 2.Nf3 e6 3.d3 d5 4.Nbd2 Nc6 5.g3 Bd6 6.Bg2 Nge7 7.O-O O-O 8.Nh4 d4 9.f4
f6 10.a4 Bc7 11.Ndf3 Bd7 12.g4 Be8 13.f5 exf5 14.gxf5 Bh5 15.Qe1 Nb4 16.Qf2 Nec6
17.Bh3 c4 18.dxc4 d3 19.c3 Nc2 20.Ra2 Qe7 21.b4 Qxe4 22.Nd2 Qe5

[Event "2 Bundesliga Ost 2007/2008"]
[Site "20 2110Bruck,3011 212Bade"]
[Date "2007.12.02"]
[Round "5"]
[Board "2"]
[White "Kovalev, Andrei"]
[Black "Bachofner, Andreas"]
[Result "1-0"]
[WhiteElo "2529"]
[BlackElo "2246"]
[PlyCount "75"]
[EventDate "2007.10.20"]
[EventType "team"]
[EventRounds "11"]
[EventCountry "AUT"]
[WhiteTeam "Husek Wien"]
[BlackTeam "Blackburne Nickelsdorf"]

1.e4 d5 2.exd5 Qxd5 3.Nc3 Qa5 4.d4 c6 5.Nf3 Nf6 6.Bd2 Bf5 7.Ne4 Qc7 8.Ng3 Bg6
9.h4 h6 10.Ne5 Bh7 11.Bc4 e6 12.Qe2 Bd6 13.O-O-O Qe7 14.Rhe1 Nbd7 15.Nxf7 Kxf7
16.Bxe6+ Kf8 17.Qf3 Re8 18.Nf5 Bxf5 19.Qxf5 g6 20.Qxg6 Qh7 21.Qxh7 Rxh7 22.g4
Nd5 23.Bf5 Rhe7 24.Bxh6+ Kf7 25.Rxe7+ Rxe7 26.c4 Bf4+ 27.Bxf4 Nxf4 28.d5 cxd5
29.cxd5 Ne5 30.d6 Re8 31.h5 Kf6 32.h6 Rd8 33.d7 Nf7 34.h7 Ng6 35.Re1 Nge5 36.f4
Nxd7 37.Re6+ Kg7 38.Rg6+

[Event "2 Bundesliga Ost 2007/2008"]
[Site "20 2110Bruck,3011 212Bade"]
[Date "2007.12.02"]
[Round "5"]
[Board "3"]
[White "Koffler, Daniel"]
[Black "Beim, Valeri"]
[Result "1/2-1/2"]
[WhiteElo "2213"]
[BlackElo "2523"]
[PlyCount "32"]
[EventDate "2007.10.20"]
[EventType "team"]
[EventRounds "11"]
[EventCountry "AUT"]
[WhiteTeam "Blackburne Nickelsdorf"]
[BlackTeam "Husek Wien"]

1.e4 c5 2.Nf3 Nc6 3.d4 cxd4 4.Nxd4 Nf6 5.Nc3 g6 6.Nxc6 dxc6 7.Qxd8+ Kxd8 8.Bg5
Be6 9.O-O-O+ Ke8 10.f3 Bg7 11.Ne2 Rd8 12.Rxd8+ Kxd8 13.Be3 b6 14.Nd4 Bd7 15.Bc4
e5 16.Ne2 Ke7

[Event "2 Bundesliga Ost 2007/2008"]
[Site "20 2110Bruck,3011 212Bade"]
[Date "2007.12.02"]
[Round "5"]
[Board "4"]
[White "Boros, Denes"]
[Black "Jirovec, Alfred"]
[Result "1-0"]
[WhiteElo "2460"]
[BlackElo "2112"]
[PlyCount "65"]
[EventDate "2007.10.20"]
[EventType "team"]
[EventRounds "11"]
[EventCountry "AUT"]
[WhiteTeam "Husek Wien"]
[BlackTeam "Blackburne Nickelsdorf"]

1.e4 e6 2.d4 d5 3.Nc3 Bb4 4.e5 b6 5.a3 Bf8 6.Bb5+ c6 7.Ba4 Ne7 8.Nce2 Bd7 9.c3
c5 10.Bc2 a5 11.Be3 cxd4 12.Nxd4 Nec6 13.Ngf3 Nxd4 14.Qxd4 b5 15.O-O Be7 16.Qg4
Kf8 17.Bd3 Na6 18.b4 a4 19.Nd4 Rb8 20.f4 g6 21.Qe2 Nc7 22.g4 Qc8 23.f5 gxf5
24.gxf5 exf5 25.Bxf5 Ne6 26.Qh5 Ke8 27.Kh1 Qxc3 28.Bxe6 Qxe3 29.Bxd7+ Kxd7
30.Qf5+ Kc7 31.Rac1+ Kb7 32.Qd7+ Ka8 33.Rc7

[Event "2 Bundesliga Ost 2007/2008"]
[Site "20 2110Bruck,3011 212Bade"]
[Date "2007.12.02"]
[Round "5"]
[Board "5"]
[White "Bachofner, Christian"]
[Black "Mihok, Oliver"]
[Result "0-1"]
[WhiteElo "2098"]
[BlackElo "2371"]
[PlyCount "94"]
[EventDate "2007.10.20"]
[EventType "team"]
[EventRounds "11"]
[EventCountry "AUT"]
[WhiteTeam "Blackburne Nickelsdorf"]
[BlackTeam "Husek Wien"]

1.e4 c5 2.Nf3 e6 3.d4 cxd4 4.Nxd4 Nf6 5.Bd3 Nc6 6.Nb3 Qc7 7.Nc3 a6 8.a4 b6 9.O-O
Be7 10.Kh1 d6 11.f4 Bb7 12.f5 Ne5 13.fxe6 fxe6 14.Nd4 Qd7 15.Be3 O-O 16.Qe2 Nfg4
17.Bg1 Bf6 18.h3 Nxd3 19.cxd3 Ne5 20.Nf3 Nxf3 21.Rxf3 b5 22.axb5 axb5 23.Rxa8
Rxa8 24.Rf1 b4 25.Nd1 Kh8 26.Be3 d5 27.exd5 Qxd5 28.Bd2 Ba6 29.Rf3 Rd8 30.Bxb4
Bxd3 31.Qf2 Kg8 32.Bc3 Bxc3 33.Nxc3 Qd7 34.Qe3 Bf5 35.Qb6 Qd2 36.Rf2 Qe1+ 37.Kh2
Qe5+ 38.Kg1 Ra8 39.Rf1 Rb8 40.Qf2 h6 41.Rd1 Rf8 42.Qb6 Bxh3 43.gxh3 Qg3+ 44.Kh1
Qxh3+ 45.Kg1 Rf3 46.Qb8+ Kh7 47.Qh2 Qg4+

[Event "2 Bundesliga Ost 2007/2008"]
[Site "20 2110Bruck,3011 212Bade"]
[Date "2007.12.02"]
[Round "5"]
[Board "6"]
[White "Kummer, Helmut"]
[Black "Steinert, Martin"]
[Result "1-0"]
[WhiteElo "2373"]
[BlackElo "2046"]
[PlyCount "55"]
[EventDate "2007.10.20"]
[EventType "team"]
[EventRounds "11"]
[EventCountry "AUT"]
[WhiteTeam "Husek Wien"]
[BlackTeam "Blackburne Nickelsdorf"]

1.d4 Nf6 2.c4 g6 3.Nc3 Bg7 4.e4 d6 5.Be2 O-O 6.Bg5 c5 7.d5 b5 8.cxb5 a6 9.a4 h6
10.Bd2 e6 11.dxe6 Bxe6 12.Nf3 axb5 13.Bxb5 Na6 14.O-O Nc7 15.Be2 d5 16.exd5
Nfxd5 17.Nxd5 Nxd5 18.Qc1 Kh7 19.Qxc5 Bxb2 20.Rad1 Qf6 21.a5 Rfc8 22.Qd6 Rd8
23.Qg3 Nc3 24.Bxc3 Bxc3 25.Rxd8 Rxd8 26.a6 Ra8 27.Rc1 Bc8 28.Rxc3

[Event "2 Bundesliga Ost 2007/2008"]
[Site "20 2110Bruck,3011 212Bade"]
[Date "2007.12.02"]
[Round "5"]
[Board "1"]
[White "Kleiser, Gregor"]
[Black "Hodisch, Juri"]
[Result "1/2-1/2"]
[WhiteElo "2323"]
[BlackElo "2357"]
[PlyCount "107"]
[EventDate "2007.10.20"]
[EventType "team"]
[EventRounds "11"]
[EventCountry "AUT"]
[WhiteTeam "SV Tschaturanga Neubau"]
[BlackTeam "Aljechin/Wieden"]

1.d4 Nf6 2.c4 e6 3.Nc3 Bb4 4.e3 O-O 5.Nge2 Re8 6.a3 Bf8 7.Ng3 d5 8.Bd3 c5 9.dxc5
dxc4 10.Bxc4 Qxd1+ 11.Kxd1 Bxc5 12.b4 Be7 13.Bb2 Nc6 14.Nce4 Nxe4 15.Nxe4 b6
16.Ke2 Bb7 17.f3 Rac8 18.Rac1 Red8 19.Rc2 a5 20.b5 Nb8 21.Bd3 Rxc2+ 22.Bxc2 f5
23.Nd2 Nd7 24.Rd1 Rc8 25.Bb3 Nc5 26.Ba2 Bd5 27.Bxd5 exd5 28.Rc1 a4 29.f4 Rc7
30.Be5 Rd7 31.Nf3 g6 32.Bb2 Ra7 33.Nd4 Bf6 34.Rc2 Rd7 35.h3 h5 36.Kf3 h4 37.Nc6
Kg7 38.Ne5 Bxe5 39.Bxe5+ Kf7 40.Bd4 Ke6 41.Bc3 Kd6 42.Bf6 Ra7 43.Bxh4 Ra5 44.Be1
Rxb5 45.Bb4 Kd7 46.g4 Nd3 47.Bc3 Rc5 48.Ke2 Nxf4+ 49.exf4 d4 50.Kd3 dxc3 51.Rxc3
Rb5 52.Kd4 Rb1 53.g5 Kd6 54.Rc8

[Event "2 Bundesliga Ost 2007/2008"]
[Site "20 2110Bruck,3011 212Bade"]
[Date "2007.12.02"]
[Round "5"]
[Board "2"]
[White "Vitouch, Anatol"]
[Black "Wukits, Rene"]
[Result "1/2-1/2"]
[WhiteElo "2211"]
[BlackElo "2302"]
[PlyCount "143"]
[EventDate "2007.10.20"]
[EventType "team"]
[EventRounds "11"]
[EventCountry "AUT"]
[WhiteTeam "Aljechin/Wieden"]
[BlackTeam "SV Tschaturanga Neubau"]

1.Nf3 d5 2.c4 c6 3.g3 Nf6 4.Bg2 e6 5.b3 a5 6.Bb2 a4 7.Na3 Nbd7 8.O-O Bd6 9.d3
Qe7 10.Nc2 O-O 11.Nfd4 a3 12.Bc3 Nc5 13.Ne3 Bd7 14.Rb1 Na6 15.Ndc2 Nc7 16.b4 Qd8
17.Ba1 Re8 18.Rb3 b5 19.c5 Bf8 20.Be5 h5 21.Qc1 Nh7 22.Rxa3 f6 23.Rxa8 Nxa8
24.Bb2 Nc7 25.f4 g6 26.Ne1 e5 27.fxe5 fxe5 28.N3c2 Ng5 29.Nf3 Bh6 30.Nxg5 Bxg5
31.Qe1 Bh6 32.e4 d4 33.Bc1 Bg7 34.Rf2 Be6 35.a3 g5 36.Qf1 Rf8 37.Rxf8+ Bxf8
38.Ne1 g4 39.Qf2 Kh7 40.Bf1 Be7 41.Ng2 Kg6 42.Be2 Bg5 43.Bxg5 Kxg5 44.Bd1 Qf6
45.Qd2+ Kg6 46.Nh4+ Kf7 47.Qf2 Ke7 48.Qxf6+ Kxf6 49.Kf2 Bd7 50.Bb3 Bc8 51.Ke2
Bd7 52.Kd2 Bc8 53.Kc1 Bd7 54.Kb2 Na6 55.Ng2 Ke7 56.Bg8 Kf8 57.Bb3 Ke7 58.Ne1 Nc7
59.a4 bxa4 60.Bxa4 Ne6 61.Kc2 Ng5 62.Kd2 Kd8 63.Bd1 Bc8 64.Ng2 Ke7 65.Nh4 Ba6
66.Nf5+ Kd8 67.Nd6 Kd7 68.Be2 Ke6 69.Bd1 Kd7 70.Nf5 Kd8 71.Ba4 Kc7 72.Bd1

[Event "2 Bundesliga Ost 2007/2008"]
[Site "20 2110Bruck,3011 212Bade"]
[Date "2007.12.02"]
[Round "5"]
[Board "3"]
[White "Dueckstein, Andreas"]
[Black "Wirius, Johannes"]
[Result "1/2-1/2"]
[WhiteElo "2252"]
[BlackElo "2181"]
[PlyCount "22"]
[EventDate "2007.10.20"]
[EventType "team"]
[EventRounds "11"]
[EventCountry "AUT"]
[WhiteTeam "SV Tschaturanga Neubau"]
[BlackTeam "Aljechin/Wieden"]

1.e4 g6 2.d4 Bg7 3.c3 d5 4.e5 c5 5.Nf3 Nc6 6.Be2 cxd4 7.cxd4 Bg4 8.Nc3 Bxf3
9.Bxf3 e6 10.Be3 Nge7 11.O-O Nf5

[Event "2 Bundesliga Ost 2007/2008"]
[Site "20 2110Bruck,3011 212Bade"]
[Date "2007.12.02"]
[Round "5"]
[Board "4"]
[White "Zaynard, Andreas"]
[Black "Wallner, Alfred"]
[Result "1/2-1/2"]
[WhiteElo "2078"]
[BlackElo "2256"]
[PlyCount "27"]
[EventDate "2007.10.20"]
[EventType "team"]
[EventRounds "11"]
[EventCountry "AUT"]
[WhiteTeam "Aljechin/Wieden"]
[BlackTeam "SV Tschaturanga Neubau"]

1.e4 c5 2.d3 Nc6 3.g3 g6 4.Bg2 Bg7 5.f4 d6 6.Nf3 e6 7.O-O Nge7 8.c3 O-O 9.Be3 b6
10.Na3 Ba6 11.Re1 Qd7 12.d4 cxd4 13.Nxd4 Na5 14.Bf1

[Event "2 Bundesliga Ost 2007/2008"]
[Site "20 2110Bruck,3011 212Bade"]
[Date "2007.12.02"]
[Round "5"]
[Board "5"]
[White "Schwaninger, Wolfgang"]
[Black "Kostka, Alexander"]
[Result "1-0"]
[WhiteElo "2175"]
[BlackElo "2077"]
[PlyCount "69"]
[EventDate "2007.10.20"]
[EventType "team"]
[EventRounds "11"]
[EventCountry "AUT"]
[WhiteTeam "SV Tschaturanga Neubau"]
[BlackTeam "Aljechin/Wieden"]

1.d4 Nf6 2.Nf3 g6 3.c4 Bg7 4.Nc3 d5 5.e3 O-O 6.Bd3 c5 7.dxc5 dxc4 8.Bxc4 Qa5
9.O-O Qxc5 10.Bb3 Nc6 11.e4 Bg4 12.Be3 Qa5 13.h3 Rad8 14.Qe2 Bh5 15.Rfd1 Ne5
16.Nd5 Nxf3+ 17.gxf3 Nxd5 18.exd5 Rd6 19.Bg5 Bf6 20.Bf4 Rd7 21.Rac1 Rfd8 22.Kg2
b5 23.a3 Qb6 24.Rc6 Qb7 25.Rdc1 Kg7 26.R1c5 a6 27.Be5 Bxe5 28.Qxe5+ Kg8 29.Rc7
Qb8 30.f4 Rxc7 31.Rxc7 e6 32.dxe6 Qa8+ 33.Kg1 g5 34.exf7+ Bxf7 35.Bxf7+

[Event "2 Bundesliga Ost 2007/2008"]
[Site "20 2110Bruck,3011 212Bade"]
[Date "2007.12.02"]
[Round "5"]
[Board "1"]
[White "Groetz, Harald"]
[Black "Vyskocil, Neklan"]
[Result "1-0"]
[WhiteElo "2321"]
[BlackElo "2308"]
[PlyCount "59"]
[EventDate "2007.10.20"]
[EventType "team"]
[EventRounds "11"]
[EventCountry "AUT"]
[WhiteTeam "SV Stockerau"]
[BlackTeam "SK Zwettl"]

1.e4 c5 2.Nf3 d6 3.d4 cxd4 4.Nxd4 Nf6 5.Nc3 e6 6.Bc4 Nc6 7.Be3 Be7 8.Bb3 O-O
9.f4 Bd7 10.O-O Nxd4 11.Bxd4 Bc6 12.Qe2 Qa5 13.f5 e5 14.Bf2 Rac8 15.Rad1 Nd7
16.a3 Nc5 17.Ba2 Na4 18.Nd5 Bxd5 19.Rxd5 Qc7 20.c3 a6 21.Rd3 b5 22.Rg3 Qd8
23.Be3 Bf6 24.Qh5 Rc7 25.Bh6 Kh8 26.Rh3 Re8 27.Bg5 Kg8 28.Qxh7+ Kf8 29.Qh8+ Ke7
30.Qxg7

[Event "2 Bundesliga Ost 2007/2008"]
[Site "20 2110Bruck,3011 212Bade"]
[Date "2007.12.02"]
[Round "5"]
[Board "2"]
[White "Mlynek, Petr"]
[Black "Batyte, Daiva"]
[Result "0-1"]
[WhiteElo "2210"]
[BlackElo "2198"]
[PlyCount "80"]
[EventDate "2007.10.20"]
[EventType "team"]
[EventRounds "11"]
[EventCountry "AUT"]
[WhiteTeam "SK Zwettl"]
[BlackTeam "SV Stockerau"]

1.d4 Nf6 2.c4 e6 3.g3 Bb4+ 4.Bd2 a5 5.Bg2 d5 6.a3 Be7 7.Qc2 Bd7 8.Nf3 Nc6 9.O-O
O-O 10.Bf4 a4 11.Nbd2 Bd6 12.Bxd6 cxd6 13.cxd5 exd5 14.Rac1 Qb6 15.e3 Rfc8
16.Qb1 g6 17.Nh4 Ra5 18.Qa2 Rb5 19.Rc2 Kg7 20.Rfc1 Ne7 21.Bf1 Rxc2 22.Rxc2 Ra5
23.Bd3 Bb5 24.Rc3 Bxd3 25.Rxd3 Qb5 26.Qb1 Ra6 27.Rc3 Rc6 28.Nhf3 Nc8 29.Ne1 Qe2
30.Rxc6 Ng4 31.Nd3 bxc6 32.Nf1 c5 33.dxc5 dxc5 34.h3 c4 35.hxg4 cxd3 36.Qc1 Qc2
37.Qd2 Nd6 38.Qb4 Ne4 39.Qd4+ Kg8 40.f3 Qf2+